000 00641nam a2200217 a 4500
999 _c8291
_d8291
001 8291
003 BD-JhCC
005 20180220170536.0
008 171015s1964 bg |||| ||a| 000 0 ben d
035 _a(BD-JhCC) 8291
040 _aBD-JhCC
_dBD-JhCC
041 _aben
082 _a297.18
_bRAH 1964
100 _aরহমান, এ,কে,এম, ফজলুর
245 _aহযরত আলী /
_c এ,কে,এম, ফজলুর রহমান
260 _aঢাকা :
_bশহীদ পাবলিকেশন,
_c1964.
300 _a84 p.;
_c18 cm.
650 _aIslamic Legend
942 _2ddc
_cBK